000 00346nam a2200157Ia 4500
100 _aSegaran/Toby/ Evans/C
650 _aProgramming
942 _cBK
366 _f20
245 _aProgramming the semantic web
260 _bShroff Publishers
_c2009
082 _a4.65
_bSEG
300 _a280
546 _aENGLISH
_celectronics
999 _c34397
_d34397